000 00342nam a2200133Ia 4500
008 240624s9999 xx 000 0 und d
041 _aeng
082 _a658.406 TRE
100 _aTREACY MICHAEL
245 _aDOUBLE DIGIT GROWTH HOW GREAT COMPANIES
260 _c2003
_aUSA
_bPortfolio Penguin
300 _ax,224P. ;23cm.
365 _c
_b33
999 _c32605
_d32605